Statistics for 1st Overall NFL Draft Picks (1990's)

Click here to take the quiz!

General Stats

  • This quiz has been taken 31 times
  • The average score is 4 of 10

Answer Stats

Year Answer % Correct
1998Peyton Manning
85%
1995Ki-Janna Carter
52%
1993Drew Bledsoe
48%
1999Tim Couch
48%
1997Orlando Pace
37%
1990Jeff George
33%
1996Keyshawn Johnson
33%
1992Steve Emtman
26%
1991Russell Maryland
22%
1994Dan Wilkinson
15%

Score Distribution

Percentile by Number Answered

Percent of People with Each Score

Your Score History

You have not taken this quiz